[Event "Island op"]
[Site "Victoria CAN"]
[Date "2005.06.19"]
[Round "4.6"]
[White "Cannon, Farley"]
[Black "Ruiter, Chelsea"]
[Result "0-1"]
[WhiteElo "1457"]
[BlackElo "1219"]
[PlyCount "96"]
[GameId "2160767910967922"]
[EventDate "2005.06.18"]
[EventType "swiss"]
[EventRounds "4"]
[EventCountry "CAN"]
[SourceTitle "Lynn Stringer"]

1. e4 Nf6 2. e5 Nd5 3. c4 Nb6 4. d4 d6 5. exd6 cxd6 6. Nf3 Bg4 7. Be2 Nc6 8. Be3 d5 9. b3 dxc4 10. bxc4 Bxf3 11. gxf3 g6 12. c5 Nd5 13. Bc4 Bg7 14. Na3 Nc3 15. Qb3 Nxd4 16. Bxd4 Qxd4 17. O-O O-O 18. Rac1 Qd2 19. Rc2 Qd4 20. Rfc1 Qxc5 21. Rxc3 Bxc3 22. Qxc3 Qg5+ 23. Kh1 Rac8 24. Qb3 Qxc1+ 25. Kg2 b6 26. Qb4 Qg5+ 27. Kh1 Qc5 28. Qb2 a6 29. Kg2 b5 30. Bb3 Qc1 31. Qxc1 Rxc1 32. Nc2 Rc8 33. Ne3 a5 34. Nd5 Kf8 35. Nb6 R8c6 36. Nd7+ Ke8 37. Ne5 Rf6 38. Ng4 Rfc6 39. Ne5 f6 40. Nf7 Rb6 41. Nh6 a4 42. Bd5 b4 43. Ng4 b3 44. axb3 axb3 45. Bxb3 Rxb3 46. Ne3 Ra1 47. Kg3 Rg1+ 48. Kf4 Rb4+ 0-1

[Event "Island op"]
[Site "Victoria CAN"]
[Date "2005.06.19"]
[Round "4.7"]
[White "Kirk, Adam"]
[Black "Ruiter, Erika"]
[Result "1-0"]
[WhiteElo "1457"]
[BlackElo "1050"]
[PlyCount "27"]
[GameId "2160767910967923"]
[EventDate "2005.06.18"]
[EventType "swiss"]
[EventRounds "4"]
[EventCountry "CAN"]
[SourceTitle "Lynn Stringer"]

1. e4 Nf6 2. Bc4 Nxe4 3. Bxf7+ Kxf7 4. Qh5+ g6 5. Qd5+ Ke8 6. Qxe4 Nc6 7. Nc3 d6 8. g4 Qd7 9. Nd5 b6 10. Nf6+ Kd8 11. Nxd7 Bxd7 12. Nf3 Kc8 13. Nd4 Nxd4 14. Qxa8# 1-0

[Event "Jack Taylor mem."]
[Site "Victoria CAN"]
[Date "2005.11.26"]
[Round "1.1"]
[White "Scoones, Dan"]
[Black "Raymer, Evan"]
[Result "1-0"]
[WhiteElo "2290"]
[BlackElo "1718"]
[PlyCount "57"]
[GameId "2160767910838211"]
[EventDate "2005.11.26"]
[EventType "swiss"]
[EventRounds "4"]
[EventCountry "CAN"]
[SourceTitle "EXT 2022"]
[Source "ChessBase"]
[SourceDate "2021.10.06"]
[SourceVersion "1"]
[SourceVersionDate "2021.10.06"]
[SourceQuality "1"]

1. Nf3 Nf6 2. c4 g6 3. Nc3 d5 4. d4 Bg7 5. Bg5 Ne4 6. cxd5 Nxg5 7. Nxg5 e6 8. Nf3 exd5 9. e3 O-O 10. Be2 Re8 11. O-O c6 12. b4 Qd6 13. Qb3 Bf5 14. b5 Nd7 15. Rac1 a6 16. bxa6 bxa6 17. Na4 Reb8 18. Qd1 Qa3 19. Nc3 Rb2 20. Ne1 Bh6 21. Bd3 Be6 22. Bb1 f5 23. Nd3 Rb7 24. Na4 Nb6 25. Ndc5 Bxe3 26. fxe3 Qxe3+ 27. Kh1 Nxa4 28. Nxb7 Qa3 29. Qb3 1-0

[Event "Jack Taylor mem."]
[Site "Victoria CAN"]
[Date "2005.11.26"]
[Round "1.2"]
[White "Raymer, Elliot"]
[Black "Gansvind, Valeriya"]
[Result "0-1"]
[WhiteElo "1693"]
[BlackElo "2286"]
[PlyCount "92"]
[GameId "2160767910838212"]
[EventDate "2005.11.26"]
[EventType "swiss"]
[EventRounds "4"]
[EventCountry "CAN"]
[SourceTitle "EXT 2022"]
[Source "ChessBase"]
[SourceDate "2021.10.06"]
[SourceVersion "1"]
[SourceVersionDate "2021.10.06"]
[SourceQuality "1"]

1. e4 c5 2. d4 cxd4 3. c3 dxc3 4. Nxc3 e6 5. Nf3 a6 6. Bc4 d6 7. O-O b5 8. Bb3 Ra7 9. Nd4 Nf6 10. Bg5 Be7 11. Qd3 O-O 12. Rac1 Rc7 13. Rfd1 Nc6 14. Nxc6 Rxc6 15. e5 dxe5 16. Qf3 e4 17. Nxe4 Rxc1 18. Rxc1 Nxe4 19. Bxe7 Qxe7 20. Qxe4 Bb7 21. Qe5 Rc8 22. Rxc8+ Bxc8 23. Qb8 Qc5 24. h3 g6 25. Kh2 Kg7 26. Qa8 Qc7+ 27. g3 h5 28. Bd1 h4 29. Bf3 Qc5 30. Kg2 hxg3 31. fxg3 Qc2+ 32. Kg1 Qc1+ 33. Kh2 Qxb2+ 34. Bg2 Qc3 35. Qc6 Qxc6 36. Bxc6 e5 37. Kg2 b4 38. Kf3 Bxh3 39. Ke3 Be6 40. Ke4 Kf6 41. Bd5 Bxd5+ 42. Kxd5 Kf5 43. Kc5 a5 44. Kb5 e4 45. Kxa5 e3 46. Kxb4 e2 0-1

[Event "Jack Taylor mem."]
[Site "Victoria CAN"]
[Date "2005.11.26"]
[Round "1.3"]
[White "Moore, Harry"]
[Black "Cannon, Farley"]
[Result "1-0"]
[WhiteElo "2282"]
[BlackElo "1557"]
[PlyCount "79"]
[GameId "2160767910838213"]
[EventDate "2005.11.26"]
[EventType "swiss"]
[EventRounds "4"]
[EventCountry "CAN"]
[SourceTitle "EXT 2022"]
[Source "ChessBase"]
[SourceDate "2021.10.06"]
[SourceVersion "1"]
[SourceVersionDate "2021.10.06"]
[SourceQuality "1"]

1. f4 d6 2. e4 e5 3. Nf3 Nc6 4. Bc4 Be7 5. O-O Bg4 6. Bxf7+ Kxf7 7. Ng5+ Ke8 8. Qxg4 Bxg5 9. fxg5 Nge7 10. d3 Qd7 11. Qxd7+ Kxd7 12. c3 Rhf8 13. Na3 Rxf1+ 14. Kxf1 Rf8+ 15. Ke2 d5 16. Bd2 a6 17. Nc2 dxe4 18. dxe4 Ng6 19. g3 Nd8 20. h4 Ne6 21. Be3 Ke7 22. Nb4 c6 23. Nd3 Rd8 24. h5 Nh8 25. Nxe5 Nf7 26. Nxf7 Kxf7 27. Rd1 Rxd1 28. Kxd1 g6 29. h6 Ke7 30. Ke2 Kd6 31. Bf4+ Kc5 32. Kd3 a5 33. a4 b5 34. b3 Kb6 35. Bd6 Nc5+ 36. Bxc5+ Kxc5 37. b4+ axb4 38. a5 b3 39. a6 Kb6 40. e5 1-0

[Event "Jack Taylor mem."]
[Site "Victoria CAN"]
[Date "2005.11.26"]
[Round "1.4"]
[White "Mergal, Primo"]
[Black "Chan, James"]
[Result "0-1"]
[WhiteElo "1493"]
[BlackElo "1942"]
[PlyCount "76"]
[GameId "2160767910838214"]
[EventDate "2005.11.26"]
[EventType "swiss"]
[EventRounds "4"]
[EventCountry "CAN"]
[SourceTitle "EXT 2022"]
[Source "ChessBase"]
[SourceDate "2021.10.06"]
[SourceVersion "1"]
[SourceVersionDate "2021.10.06"]
[SourceQuality "1"]

1. d4 Nf6 2. Nc3 d5 3. Bf4 c6 4. Qd2 Bf5 5. Nf3 e6 6. Ne5 Bb4 7. f3 Nbd7 8. h4 h5 9. Bg5 Qc7 10. a3 Bd6 11. f4 Ne4 12. Nxe4 dxe4 13. e3 f6 14. Nxd7 Qxd7 15. c4 fxg5 16. c5 Bc7 17. hxg5 Rd8 18. O-O-O Bg4 19. Be2 Bxe2 20. Qxe2 g6 21. g4 Qf7 22. gxh5 gxh5 23. Rdg1 Qg6 24. Qc4 Rd7 25. Qc3 Rdh7 26. Rh4 Kd7 27. b4 Rg7 28. a4 a6 29. Qc2 Qf5 30. Qb3 Ke7 31. b5 axb5 32. axb5 cxb5 33. Qxb5 Qd5 34. Rg2 Ra8 35. Rb2 Ra5 36. Qxb7 Qc4+ 37. Rc2 Ra1+ 38. Kb2 Ra2+ 0-1

[Event "Jack Taylor mem."]
[Site "Victoria CAN"]
[Date "2005.11.26"]
[Round "2.1"]
[White "Chan, James"]
[Black "Scoones, Dan"]
[Result "0-1"]
[WhiteElo "1942"]
[BlackElo "2290"]
[PlyCount "62"]
[GameId "2160767910838215"]
[EventDate "2005.11.26"]
[EventType "swiss"]
[EventRounds "4"]
[EventCountry "CAN"]
[SourceTitle "EXT 2022"]
[Source "ChessBase"]
[SourceDate "2021.10.06"]
[SourceVersion "1"]
[SourceVersionDate "2021.10.06"]
[SourceQuality "1"]

1. e4 d5 2. exd5 Nf6 3. d4 Nxd5 4. Nf3 g6 5. Be2 Bg7 6. O-O O-O 7. c4 Nb6 8. h3 Nc6 9. Be3 e5 10. d5 Ne7 11. Nc3 h6 12. Qb3 Nf5 13. Bc5 Re8 14. Bd3 Nh4 15. Nxh4 Qxh4 16. Nb5 e4 17. Nxc7 Bxh3 18. Bd6 Bxg2 19. Kxg2 Be5 20. Rh1 Qg4+ 21. Kf1 exd3 22. Nxe8 Rxe8 23. Bxe5 Qe2+ 24. Kg1 Rxe5 25. Rh3 Rg5+ 26. Rg3 Rxg3+ 27. fxg3 d2 28. Rf1 Nxc4 29. Qd1 Qe3+ 30. Kg2 Nxb2 31. Qc2 Qe2+ 0-1

[Event "Jack Taylor mem."]
[Site "Victoria CAN"]
[Date "2005.11.26"]
[Round "2.2"]
[White "Gansvind, Valeriya"]
[Black "Moore, Harry"]
[Result "1/2-1/2"]
[WhiteElo "2286"]
[BlackElo "2282"]
[PlyCount "79"]
[GameId "2160767910838216"]
[EventDate "2005.11.26"]
[EventType "swiss"]
[EventRounds "4"]
[EventCountry "CAN"]
[SourceTitle "EXT 2022"]
[Source "ChessBase"]
[SourceDate "2021.10.06"]
[SourceVersion "1"]
[SourceVersionDate "2021.10.06"]
[SourceQuality "1"]

1. d4 e6 2. Nf3 f5 3. c4 Nf6 4. g3 Be7 5. Bg2 O-O 6. O-O d6 7. b3 Qe8 8. Bb2 Qh5 9. e3 Ne4 10. Nfd2 Qxd1 11. Rxd1 Nxd2 12. Nxd2 Bf6 13. Rac1 c5 14. Ba3 cxd4 15. exd4 Rd8 16. d5 e5 17. c5 dxc5 18. Rxc5 Nd7 19. Rc2 Nb6 20. Nc4 Nxc4 21. Rxc4 Be6 22. Rc7 e4 23. d6 Rac8 24. Rxb7 Rc2 25. Bf1 Rxa2 26. Bc5 Rc2 27. Bxa7 Rb2 28. b4 Bb3 29. Rc1 h6 30. Bc5 Rd2 31. Bc4+ Bxc4 32. Rxc4 Be5 33. h4 Bxd6 34. Bxd6 R8xd6 35. Rc8+ Kh7 36. h5 e3 37. Rbb8 exf2+ 38. Kg2 f1=Q+ 39. Kxf1 Rd1+ 40. Ke2 1/2-1/2

[Event "Jack Taylor mem."]
[Site "Victoria CAN"]
[Date "2005.11.26"]
[Round "2.3"]
[White "Raymer, Elliot"]
[Black "Wild, Joshua"]
[Result "1/2-1/2"]
[WhiteElo "1693"]
[BlackElo "1494"]
[PlyCount "127"]
[GameId "2160767910838217"]
[EventDate "2005.11.26"]
[EventType "swiss"]
[EventRounds "4"]
[EventCountry "CAN"]
[SourceTitle "EXT 2022"]
[Source "ChessBase"]
[SourceDate "2021.10.06"]
[SourceVersion "1"]
[SourceVersionDate "2021.10.06"]
[SourceQuality "1"]

1. e4 e5 2. Nf3 Nc6 3. Bc4 Nf6 4. d3 Be7 5. O-O d6 6. h3 O-O 7. Nc3 Be6 8. Bb3 Na5 9. d4 Nxb3 10. axb3 exd4 11. Nxd4 Qd7 12. Be3 a6 13. Qe2 Ne8 14. Rfd1 f5 15. exf5 Bxf5 16. Nd5 Bd8 17. Qc4 Kh8 18. Nxf5 Qxf5 19. Qc3 c6 20. Nb4 Bf6 21. Qc4 Bxb2 22. Ra2 Be5 23. Nd3 Bf6 24. Nf4 Bg5 25. Ne6 Bxe3 26. fxe3 d5 27. Qg4 Qxg4 28. hxg4 Rf6 29. Nc5 Nd6 30. c4 Ne4 31. Nxe4 dxe4 32. Rd7 b5 33. cxb5 cxb5 34. Re7 Kg8 35. Rxe4 Kf7 36. Re5 Re6 37. Rf5+ Kg6 38. Kf2 Rf6 39. e4 Re6 40. Ke3 Rc8 41. Kf4 h6 42. Rd2 Rc3 43. e5 Rxb3 44. Rd6 Rxd6 45. exd6 Rd3 46. Ke5 b4 47. Ke6 b3 48. d7 b2 49. Rf1 a5 50. Rb1 Rd2 51. Ke7 a4 52. Rxb2 Rxb2 53. d8=Q Re2+ 54. Kf8 Rxg2 55. Qd3+ Kg5 56. Qf5+ Kh4 57. Qh5+ Kg3 58. Kxg7 a3 59. Qxh6 Kxg4 60. Qc1 a2 61. Kf6 Re2 62. Qf1 Rf2+ 63. Qxf2 a1=Q+ 64. Kg6 1/2-1/2

[Event "Jack Taylor mem."]
[Site "Victoria CAN"]
[Date "2005.11.26"]
[Round "2.4"]
[White "Cannon, Farley"]
[Black "Mergal, Primo"]
[Result "1-0"]
[WhiteElo "1557"]
[BlackElo "1493"]
[PlyCount "50"]
[GameId "2160767910838218"]
[EventDate "2005.11.26"]
[EventType "swiss"]
[EventRounds "4"]
[EventCountry "CAN"]
[SourceTitle "EXT 2022"]
[Source "ChessBase"]
[SourceDate "2021.10.06"]
[SourceVersion "1"]
[SourceVersionDate "2021.10.06"]
[SourceQuality "1"]

1. e4 e5 2. Nf3 Nc6 3. Bc4 h6 4. c3 Nf6 5. d4 exd4 6. O-O Bd6 7. cxd4 Nxe4 8. Re1 Qe7 9. Nfd2 f5 10. f3 Qh4 11. Nf1 Qf2+ 12. Kh1 Bb4 13. Nc3 Nxd4 14. Be3 Qxe3 15. Rxe3 Bc5 16. fxe4 Kd8 17. exf5 h5 18. Re4 Nxf5 19. Re5 Nd6 20. Rxc5 b6 21. Bd5 Bb7 22. Bxb7 Nxb7 23. Nb5 d6 24. Qf3 Kd7 25. Qf7+ Kd8 1-0

[Event "Jack Taylor mem."]
[Site "Victoria CAN"]
[Date "2005.11.27"]
[Round "3.1"]
[White "Moore, Harry"]
[Black "Wild, Joshua"]
[Result "1-0"]
[WhiteElo "2282"]
[BlackElo "1494"]
[PlyCount "49"]
[GameId "2160767910838219"]
[EventDate "2005.11.26"]
[EventType "swiss"]
[EventRounds "4"]
[EventCountry "CAN"]
[SourceTitle "EXT 2022"]
[Source "ChessBase"]
[SourceDate "2021.10.06"]
[SourceVersion "1"]
[SourceVersionDate "2021.10.06"]
[SourceQuality "1"]

1. e4 e5 2. f4 exf4 3. Nf3 Nc6 4. Bc4 d6 5. d4 Bg4 6. O-O Qf6 7. c3 O-O-O 8. Qa4 Kb8 9. Bb5 Nge7 10. d5 Ne5 11. Nd4 g5 12. Bc6 Bd7 13. Bxd7 Nxd7 14. Nb5 a6 15. Nd4 Nc5 16. Qc2 Qg6 17. Nd2 Bg7 18. b4 Nd7 19. Bb2 Bxd4+ 20. cxd4 Rc8 21. b5 Nxd5 22. bxa6 Nb4 23. Qa4 Nc6 24. axb7 Kxb7 25. e5 1-0

[Event "Jack Taylor mem."]
[Site "Victoria CAN"]
[Date "2005.11.27"]
[Round "3.2"]
[White "Scoones, Dan"]
[Black "Gansvind, Valeriya"]
[Result "0-1"]
[WhiteElo "2290"]
[BlackElo "2286"]
[PlyCount "96"]
[GameId "2160767910838220"]
[EventDate "2005.11.26"]
[EventType "swiss"]
[EventRounds "4"]
[EventCountry "CAN"]
[SourceTitle "EXT 2022"]
[Source "ChessBase"]
[SourceDate "2021.10.06"]
[SourceVersion "1"]
[SourceVersionDate "2021.10.06"]
[SourceQuality "1"]

1. c4 e5 2. g3 Nc6 3. Bg2 d6 4. Nc3 Be6 5. d3 g6 6. Nf3 Bg7 7. Rb1 h6 8. b4 Qd7 9. b5 Nd8 10. Nd5 c6 11. bxc6 bxc6 12. Nc3 f5 13. Nd2 Nf6 14. Ba3 O-O 15. Qa4 Rc8 16. Nb3 f4 17. Ne4 Nxe4 18. dxe4 c5 19. Qxd7 Bxd7 20. Rd1 Nb7 21. h4 fxg3 22. fxg3 Rc6 23. Bh3 Bxh3 24. Rxh3 Ra6 25. Bc1 Rxa2 26. Rd2 Ra4 27. Rc2 Nd8 28. g4 Nc6 29. Rf3 Rb8 30. Rfc3 Bf8 31. h5 g5 32. Nd2 Be7 33. Ra3 Rxa3 34. Bxa3 Bd8 35. Bb2 Nb4 36. Rc1 Ba5 37. Kd1 Nc6 38. Bc3 Bb4 39. Kc2 a5 40. Ra1 Rf8 41. Rf1 Rf4 42. e3 Rxg4 43. Rf6 Rg3 44. Nf1 Rg2+ 45. Kd3 Bxc3 46. Kxc3 a4 47. Rxd6 Nb4 48. Nd2 a3 0-1

[Event "Jack Taylor mem."]
[Site "Victoria CAN"]
[Date "2005.11.27"]
[Round "3.3"]
[White "Raymer, Evan"]
[Black "Chan, James"]
[Result "0-1"]
[WhiteElo "1714"]
[BlackElo "1942"]
[PlyCount "56"]
[GameId "2160767910838221"]
[EventDate "2005.11.26"]
[EventType "swiss"]
[EventRounds "4"]
[EventCountry "CAN"]
[SourceTitle "EXT 2022"]
[Source "ChessBase"]
[SourceDate "2021.10.06"]
[SourceVersion "1"]
[SourceVersionDate "2021.10.06"]
[SourceQuality "1"]

1. e4 c5 2. Nf3 d6 3. d4 cxd4 4. Nxd4 Nf6 5. Nc3 a6 6. Bg5 e6 7. f4 Be7 8. Qf3 Nc6 9. O-O-O Qc7 10. f5 Ne5 11. Qg3 O-O 12. Be2 b5 13. Bh6 Ne8 14. Bh5 Kh8 15. Bf4 Nf6 16. Bf3 b4 17. Nce2 Nxf3 18. Nxf3 Nxe4 19. Qe1 e5 20. Be3 Bxf5 21. c3 Rfc8 22. Bd2 Rab8 23. Rf1 Nc5 24. Qg3 Nd3+ 25. Kb1 Nc5+ 26. Kc1 Nd3+ 27. Kb1 Nf4+ 28. Ka1 Nxe2 0-1

[Event "Jack Taylor mem."]
[Site "Victoria CAN"]
[Date "2005.11.27"]
[Round "4.1"]
[White "Scoones, Dan"]
[Black "Moore, Harry"]
[Result "1/2-1/2"]
[WhiteElo "2290"]
[BlackElo "2282"]
[PlyCount "60"]
[GameId "2160767910838222"]
[EventDate "2005.11.26"]
[EventType "swiss"]
[EventRounds "4"]
[EventCountry "CAN"]
[SourceTitle "EXT 2022"]
[Source "ChessBase"]
[SourceDate "2021.10.06"]
[SourceVersion "1"]
[SourceVersionDate "2021.10.06"]
[SourceQuality "1"]

1. Nf3 g6 2. d4 Bg7 3. c4 Nf6 4. Nc3 O-O 5. e4 d6 6. Be2 e5 7. O-O Na6 8. Re1 Bg4 9. d5 Nc5 10. Nd2 Bxe2 11. Qxe2 a5 12. b3 Qd7 13. Rb1 Nh5 14. g3 Qh3 15. Nf3 Qg4 16. Nh4 Qxe2 17. Rxe2 f5 18. f3 fxe4 19. fxe4 Nf6 20. Bg5 Ng4 21. Ng2 Bh6 22. Bxh6 Nxh6 23. Ne3 Kg7 24. Rf1 Ng8 25. Rxf8 Rxf8 26. Kg2 Nf6 27. Ned1 g5 28. h3 h5 29. Nf2 c6 30. Re3 g4 1/2-1/2

[Event "Jack Taylor mem."]
[Site "Victoria CAN"]
[Date "2005.11.27"]
[Round "4.2"]
[White "Gansvind, Valeriya"]
[Black "Chan, James"]
[Result "1-0"]
[WhiteElo "2286"]
[BlackElo "1942"]
[PlyCount "69"]
[GameId "2160767910838223"]
[EventDate "2005.11.26"]
[EventType "swiss"]
[EventRounds "4"]
[EventCountry "CAN"]
[SourceTitle "EXT 2022"]
[Source "ChessBase"]
[SourceDate "2021.10.06"]
[SourceVersion "1"]
[SourceVersionDate "2021.10.06"]
[SourceQuality "1"]

1. d4 d5 2. Bg5 c6 3. e3 Bf5 4. Nf3 Qb6 5. Qc1 Nd7 6. Nbd2 e6 7. Be2 h6 8. Bf4 Ngf6 9. Ne5 Nxe5 10. Bxe5 Nd7 11. Bg3 Be7 12. O-O O-O 13. c4 Rfe8 14. c5 Qd8 15. b4 Bf6 16. Nb3 e5 17. Re1 Bh4 18. Qc3 Bxg3 19. hxg3 e4 20. Na5 Rb8 21. b5 Re6 22. g4 Bg6 23. bxc6 bxc6 24. Rab1 Rxb1 25. Rxb1 Qh4 26. Qb3 h5 27. Nxc6 hxg4 28. g3 Qh5 29. Nb4 Bf5 30. Bf1 Rh6 31. Bg2 Be6 32. Nc6 Qh2+ 33. Kf1 Rf6 34. Ne7+ Kh8 35. Qb7 1-0

[Event "Jack Taylor mem."]
[Site "Victoria CAN"]
[Date "2005.11.27"]
[Round "4.4"]
[White "Wild, Joshua"]
[Black "Cannon, Farley"]
[Result "1/2-1/2"]
[WhiteElo "1494"]
[BlackElo "1557"]
[PlyCount "87"]
[GameId "2160767910838224"]
[EventDate "2005.11.26"]
[EventType "swiss"]
[EventRounds "4"]
[EventCountry "CAN"]
[SourceTitle "EXT 2022"]
[Source "ChessBase"]
[SourceDate "2021.10.06"]
[SourceVersion "1"]
[SourceVersionDate "2021.10.06"]
[SourceQuality "1"]

1. e4 e5 2. Nf3 Nc6 3. d4 exd4 4. Nxd4 Bc5 5. Be3 Bxd4 6. Bxd4 Nf6 7. Nc3 d6 8. Be2 Be6 9. O-O O-O 10. f3 Nxd4 11. Qxd4 c5 12. Qe3 Re8 13. Rad1 Qb6 14. Nb5 d5 15. e5 d4 16. Qg5 Nd5 17. Nd6 Ne3 18. Nxe8 Rxe8 19. f4 h6 20. Qh5 Bd5 21. Rf2 Nxd1 22. Bxd1 Qg6 23. Qxg6 fxg6 24. b3 b5 25. h4 Rd8 26. Bf3 Bxf3 27. Rxf3 c4 28. Kf2 Rc8 29. b4 d3 30. Ke1 dxc2 31. Kd2 Rd8+ 32. Kxc2 Kf7 33. Rf2 Ke6 34. Rd2 Rxd2+ 35. Kxd2 a6 36. Kc3 Kd5 37. g4 h5 38. gxh5 gxh5 39. Kd2 Ke6 40. Kc2 g6 41. Kd2 Kd5 42. Kc3 Ke6 43. Kd4 Ke7 44. a4 1/2-1/2

[Event "Kent Oliver mem."]
[Site "Winnipeg CAN"]
[Date "2005.01.21"]
[Round "1"]
[White "Anderson, George"]
[Black "Khedkar, Jay S"]
[Result "0-1"]
[WhiteElo "1357"]
[BlackElo "1955"]
[PlyCount "80"]
[GameId "2160767911031490"]
[EventDate "2005.01.21"]
[EventType "swiss"]
[EventRounds "5"]
[EventCountry "CAN"]
[SourceTitle "EXT 2006"]
[Source "ChessBase"]
[SourceDate "2005.11.24"]
[SourceVersion "1"]
[SourceVersionDate "2005.11.24"]
[SourceQuality "1"]

1. e4 e6 2. c4 d5 3. cxd5 exd5 4. e5 c5 5. Bb5+ Bd7 6. Nc3 d4 7. Bxd7+ Nxd7 8. Ne4 Nxe5 9. Qe2 Qe7 10. Nf3 Nxf3+ 11. Qxf3 Nf6 12. d3 Nxe4 13. Qxe4 Kd7 14. O-O Qxe4 15. dxe4 Re8 16. Re1 f5 17. e5 Re6 18. f3 Bd6 19. f4 Rhe8 20. Bd2 Bc7 21. Rad1 Ra6 22. a4 Ke6 23. a5 Rd8 24. h3 Rd7 25. g4 Bd8 26. b4 cxb4 27. Bxb4 g6 28. Re2 Bxa5 29. Bd6 Rc6 30. Ra2 Bb6 31. Kg2 Rc3 32. Kf2 Kd5 33. Rdd2 Rb3 34. Rab2 Rxb2 35. Rxb2 Bc5 36. Bb8 b6 37. Kf3 a5 38. h4 a4 39. Rb5 a3 40. Bd6 Kc4 0-1

[Event "Kent Oliver mem."]
[Site "Winnipeg CAN"]
[Date "2005.01.21"]
[Round "1"]
[White "Boron, Anthony"]
[Black "Gannon, Keith"]
[Result "1-0"]
[WhiteElo "1976"]
[BlackElo "1568"]
[PlyCount "67"]
[GameId "2160767911031491"]
[EventDate "2005.01.21"]
[EventType "swiss"]
[EventRounds "5"]
[EventCountry "CAN"]
[SourceTitle "EXT 2006"]
[Source "ChessBase"]
[SourceDate "2005.11.24"]
[SourceVersion "1"]
[SourceVersionDate "2005.11.24"]
[SourceQuality "1"]

1. e4 e5 2. Nf3 Nc6 3. Bb5 Nf6 4. d3 d6 5. h3 Bd7 6. Nbd2 h6 7. c3 Be7 8. O-O O-O 9. Re1 Re8 10. d4 exd4 11. cxd4 d5 12. e5 Nh7 13. Nb3 Nxe5 14. Nxe5 Bxb5 15. Qh5 Rf8 16. Re3 Bg5 17. Rg3 Bxc1 18. Rxc1 Qd6 19. h4 Be8 20. Nc5 f5 21. Qe2 b6 22. Ncd3 Bb5 23. Qc2 Bxd3 24. Qxd3 c5 25. f4 Rac8 26. Rg6 Rf6 27. Qa6 Qc7 28. dxc5 Rxg6 29. Nxg6 bxc5 30. Qxc8+ Qxc8 31. Ne7+ Kf7 32. Nxc8 g5 33. Rxc5 gxf4 34. Rxd5 1-0

[Event "Kent Oliver mem."]
[Site "Winnipeg CAN"]
[Date "2005.01.21"]
[Round "1"]
[White "Gibbons, Michael"]
[Black "MacPherson, Al"]
[Result "1/2-1/2"]
[WhiteElo "2057"]
[BlackElo "1752"]
[PlyCount "86"]
[GameId "2160767911031492"]
[EventDate "2005.01.21"]
[EventType "swiss"]
[EventRounds "5"]
[EventCountry "CAN"]
[SourceTitle "EXT 2006"]
[Source "ChessBase"]
[SourceDate "2005.11.24"]
[SourceVersion "1"]
[SourceVersionDate "2005.11.24"]
[SourceQuality "1"]

1. c4 c5 2. b3 Nf6 3. Bb2 d5 4. Bxf6 exf6 5. cxd5 Qxd5 6. Nc3 Qd8 7. e3 Be7 8. Bb5+ Bd7 9. Bxd7+ Qxd7 10. Nf3 Nc6 11. O-O O-O 12. Rc1 Ne5 13. d4 Nxf3+ 14. Qxf3 Rac8 15. Qd5 Rfd8 16. Qxd7 Rxd7 17. Na4 Rdc7 18. dxc5 Bxc5 19. Rfd1 Be7 20. Rxc7 Rxc7 21. Kf1 Kf8 22. Ke2 b5 23. Nb2 Rc2+ 24. Rd2 Rxd2+ 25. Kxd2 Bd6 26. h3 Ke7 27. Kd3 Ke6 28. Nd1 f5 29. Nc3 a6 30. a4 b4 31. Ne2 Kd5 32. Nd4 g6 33. Nf3 h6 34. Nd2 Be7 35. Nc4 Bd8 36. f3 Bc7 37. Nd2 f4 38. e4+ Kc5 39. Nc4 g5 40. Nd2 Be5 41. Nc4 Bc7 42. Nd2 Be5 43. Nc4 Bc7 1/2-1/2

[Event "Kent Oliver mem."]
[Site "Winnipeg CAN"]
[Date "2005.01.21"]
[Round "1"]
[White "Gustafson, Dale"]
[Black "Gentes, Kevin"]
[Result "0-1"]
[WhiteElo "1815"]
[BlackElo "2321"]
[PlyCount "48"]
[GameId "2160767911031493"]
[EventDate "2005.01.21"]
[EventType "swiss"]
[EventRounds "5"]
[EventCountry "CAN"]
[SourceTitle "EXT 2006"]
[Source "ChessBase"]
[SourceDate "2005.11.24"]
[SourceVersion "1"]
[SourceVersionDate "2005.11.24"]
[SourceQuality "1"]

1. e4 c5 2. Nf3 d6 3. Bb5+ Bd7 4. Bxd7+ Qxd7 5. O-O Nc6 6. c4 Nf6 7. Nc3 g6 8. d4 cxd4 9. Nxd4 Bg7 10. Nde2 O-O 11. f3 Rac8 12. b3 a6 13. Bb2 Rfd8 14. Qd2 e6 15. Rad1 Qe8 16. Qe3 d5 17. Na4 dxe4 18. Bxf6 Bxf6 19. Qxe4 Qe7 20. Kh1 Rxd1 21. Rxd1 Rd8 22. Rxd8+ Qxd8 23. h3 Qd2 24. Nc5 Qd1+ 0-1

[Event "Kent Oliver mem."]
[Site "Winnipeg CAN"]
[Date "2005.01.21"]
[Round "1"]
[White "Kaptsan, Aron"]
[Black "Gibbons, Lorne"]
[Result "1-0"]
[WhiteElo "1890"]
[BlackElo "1303"]
[PlyCount "76"]
[GameId "2160767911031494"]
[EventDate "2005.01.21"]
[EventType "swiss"]
[EventRounds "5"]
[EventCountry "CAN"]
[SourceTitle "EXT 2006"]
[Source "ChessBase"]
[SourceDate "2005.11.24"]
[SourceVersion "1"]
[SourceVersionDate "2005.11.24"]
[SourceQuality "1"]

1. d4 d5 2. c4 e6 3. Nc3 Nf6 4. Bg5 Be7 5. e3 O-O 6. Nf3 Nbd7 7. Qc2 Re8 8. O-O-O Nf8 9. Kb1 h6 10. Bxf6 Bxf6 11. e4 g6 12. e5 Bg7 13. c5 f6 14. exf6 Bxf6 15. Bd3 Kg7 16. Rhe1 Bd7 17. Ne5 Bxe5 18. Rxe5 Re7 19. Rde1 Be8 20. h4 c6 21. g4 Qd7 22. f4 Bf7 23. f5 Rae8 24. Qe2 Qd8 25. g5 gxf5 26. gxh6+ Kxh6 27. Qe3+ Kg7 28. Qg5+ Kh7 29. Rg1 Ng6 30. h5 Rg8 31. hxg6+ Rxg6 32. Qh4+ Kg7 33. Rh1 Kf8 34. Rhe1 Rd7 35. Qh8+ Ke7 36. Qh2 Kf8 37. Ne2 Bg8 38. Nf4 Rh7 1-0

[Event "Kent Oliver mem."]
[Site "Winnipeg CAN"]
[Date "2005.01.21"]
[Round "1"]
[White "Kohalmi, Andy"]
[Black "Tang, Edward"]
[Result "0-1"]
[WhiteElo "1644"]
[BlackElo "1995"]
[PlyCount "28"]
[GameId "2160767911031495"]
[EventDate "2005.01.21"]
[EventType "swiss"]
[EventRounds "5"]
[EventCountry "CAN"]
[SourceTitle "EXT 2006"]
[Source "ChessBase"]
[SourceDate "2005.11.24"]
[SourceVersion "1"]
[SourceVersionDate "2005.11.24"]
[SourceQuality "1"]

1. d4 Nf6 2. Nf3 g6 3. c4 Bg7 4. g3 O-O 5. Bg2 d6 6. Nc3 c6 7. O-O Qa5 8. Qc2 Qh5 9. Re1 Bh3 10. Bh1 Nbd7 11. Ng5 Ng4 12. Bf3 Bxd4 13. Qe4 Bxf2+ 14. Kh1 Bg2+ 0-1